[Event "Las Palmas Insular-chT Pref-B"]
[Site "Las Palmas"]
[Date "2015.03.21"]
[Round "11.4"]
[White "Cobo Mazorra, Alejandro"]
[Black "Kleine, Peter"]
[Result "0-1"]
[WhiteElo "1721"]
[BlackElo "1736"]
[PlyCount "86"]
[EventDate "2014.11.22"]
[EventType "team-tourn"]
[EventRounds "14"]
[EventCountry "ESP"]
[SourceTitle "EXT 2016"]
[Source "ChessBase"]
[SourceDate "2015.10.08"]
[SourceVersion "1"]
[SourceVersionDate "2015.10.08"]
[SourceQuality "1"]
[WhiteTeam "Pulido San Mateo II"]
[BlackTeam "Victoria Real"]
[WhiteTeamCountry "ESP"]
[BlackTeamCountry "ESP"]

1. f4 Nf6 2. Nf3 e6 3. b3 c5 4. Bb2 d5 5. e3 Nc6 6. Bb5 Bd7 7. 0-0 Be7 8. c4 a6 9. Bxc6 Bxc6 10. cxd5 Qxd5 11. Nc3 Qh5 12. Qe1 0-0-0 13. Ne5 Ng4 14. Nxg4 Qxg4 15. Qf2 Rhg8 16. Rad1 f5 17. Ne2 g5 18. d4 gxf4 19. Nxf4 e5 20. h3 Qg3 21. d5 Bb5 22. Qxg3 Rxg3 23. Ne6 Bxf1 24. Nxd8 Rxg2+ 25. Kxf1 Rxb2 26. Nf7 Bf6 27. Nh6 f4 28. exf4 exf4 29. d6 Kd7 30. Ng4 Bd4 31. Nh6 Rxa2 32. Rd3 Kxd6 33. Nf7+ Kd5 34. Ng5 h5 35. Ke1 b5 36. Kd1 c4 37. bxc4+ Kxc4 38. Rf3 Be3 39. Ne6 Kd5 40. Ng7 Ke4 41. Rf1 Ra1+ 42. Ke2 Rxf1 43. Kxf1 h4 0-1

[Event "Las Palmas Insular-chT Primera-B"]
[Site "Las Palmas"]
[Date "2014.03.29"]
[Round "13.4"]
[White "Cobo Mazorra, Alejandro"]
[Black "Garcia Almeida, Aitana Maria"]
[Result "1-0"]
[WhiteElo "1720"]
[BlackElo "1108"]
[PlyCount "63"]
[EventDate "2013.11.09"]
[EventType "team-tourn"]
[EventRounds "14"]
[EventCountry "ESP"]
[SourceTitle "EXT 2015"]
[Source "ChessBase"]
[SourceDate "2014.11.20"]
[SourceVersion "1"]
[SourceVersionDate "2014.11.20"]
[SourceQuality "1"]
[WhiteTeam "Panaderia Pulido San Mateo "]
[BlackTeam "Grandama Avenida de Canarias"]
[WhiteTeamCountry "ESP"]
[BlackTeamCountry "ESP"]

1. e4 e5 2. d4 Nc6 3. d5 Nce7 4. Nf3 d6 5. c4 Nf6 6. Nc3 Ng6 7. g3 Be7 8. Bg2 0-0 9. h3 c6 10. 0-0 cxd5 11. exd5 e4 12. Ng5 Nxd5 13. Qxd5 Bxg5 14. Bxg5 Qb6 15. b3 e3 16. Bxe3 Qc6 17. Qd4 Qd7 18. Nd5 a6 19. Nb6 Qe6 20. Nxa8 b5 21. Nc7 Qd7 22. Nd5 Bb7 23. Nf6+ gxf6 24. Bh6 Ne5 25. Bxf8 Bxg2 26. Kxg2 Qb7+ 27. Qd5 Qxd5+ 28. cxd5 Kxf8 29. Rfd1 Kg7 30. Rac1 h5 31. f4 Ng6 32. Rc6 1-0

[Event "Las Palmas Insular-chT Primera-A"]
[Site "Las Palmas"]
[Date "2014.02.08"]
[Round "9.4"]
[White "Mena Trujillo, Yeray"]
[Black "Cobo Mazorra, Alejandro"]
[Result "0-1"]
[WhiteElo "1811"]
[BlackElo "1720"]
[PlyCount "82"]
[EventDate "2013.11.09"]
[EventType "team-tourn"]
[EventRounds "14"]
[EventCountry "ESP"]
[SourceTitle "EXT 2015"]
[Source "ChessBase"]
[SourceDate "2014.11.20"]
[SourceVersion "1"]
[SourceVersionDate "2014.11.20"]
[SourceQuality "1"]
[WhiteTeam "Tirajana"]
[BlackTeam "San Mateo "]
[WhiteTeamCountry "ESP"]
[BlackTeamCountry "ESP"]

1. Nc3 g6 2. e4 Bg7 3. f4 d6 4. Nf3 c6 5. d4 b5 6. Bd3 Bg4 7. Be3 e5 8. fxe5 b4 9. Ne2 Bxf3 10. gxf3 dxe5 11. d5 Nf6 12. c4 bxc3 13. Nxc3 0-0 14. 0-0 cxd5 15. exd5 Nbd7 16. d6 Nb6 17. Bc5 Nbd7 18. Ba3 Qb6+ 19. Kh1 Nh5 20. Nd5 Qd4 21. Ne7+ Kh8 22. Be4 Qe3 23. Bxa8 Rxa8 24. Qd5 Rf8 25. Qe4 Qh6 26. Qg4 f5 27. Qh3 Qd2 28. Qg2 Qh6 29. Nd5 f4 30. Rac1 Ng3+ 31. Kg1 Nxf1 32. Kxf1 e4 33. Rc7 exf3 34. Qxf3 Ne5 35. Qg2 f3 36. Qg3 Qd2 37. Qf2 Qxd5 38. Re7 Qd1+ 39. Qe1 Qd3+ 40. Kf2 Ng4+ 41. Kg3 f2+ 0-1

[Event "Las Palmas Capablanca Memorial 1st"]
[Site "Las Palmas"]
[Date "2013.05.07"]
[Round "3"]
[White "Cobo Mazorra, Alejandro"]
[Black "Cabrera Marrero, Julian"]
[Result "1-0"]
[WhiteElo "1690"]
[BlackElo "1458"]
[PlyCount "77"]
[EventDate "2013.04.30"]
[EventType "swiss"]
[EventRounds "7"]
[EventCountry "ESP"]
[SourceTitle "EXT 2024"]
[Source "ChessBase"]
[SourceDate "2023.10.10"]
[SourceVersion "1"]
[SourceVersionDate "2023.10.10"]
[SourceQuality "1"]

1. Nf3 b6 2. g3 Bb7 3. Bg2 e6 4. d3 f5 5. c4 Nf6 6. Nc3 Be7 7. 0-0 0-0 8. a3 c5 9. Rb1 Nc6 10. e4 fxe4 11. dxe4 e5 12. Bg5 Nd4 13. Nxe5 d6 14. Ng4 Nxg4 15. Bxe7 Nxf2 16. Bxd8 Nxd1 17. Rxf8+ Kxf8 18. Bc7 Nxc3 19. Bxd6+ Kg8 20. bxc3 Ne2+ 21. Kf2 Nxc3 22. Re1 Re8 23. e5 Bxg2 24. Kxg2 Re6 25. Re3 Na4 26. Rb3 h6 27. Kf3 Kf7 28. Ke4 b5 29. cxb5 c4 30. Rb4 Nb6 31. a4 c3 32. Kd3 Re8 33. a5 Rc8 34. axb6 c2 35. Rf4+ Ke6 36. Rf1 c1Q 37. Rxc1 Rxc1 38. b7 Rd1+ 39. Ke2 1-0

[Event "Las Palmas Montalvo Memorial 6th"]
[Site "Las Palmas"]
[Date "2013.03.28"]
[Round "4"]
[White "Garcia Cruz, Jose Manuel"]
[Black "Cobo Mazorra, Alejandro"]
[Result "0-1"]
[WhiteElo "1368"]
[BlackElo "1685"]
[PlyCount "34"]
[EventDate "2013.03.25"]
[EventType "swiss"]
[EventRounds "9"]
[EventCountry "ESP"]
[SourceTitle "CBM 153 Extra"]
[Source "ChessBase"]
[SourceDate "2013.04.22"]
[SourceVersion "1"]
[SourceVersionDate "2013.04.22"]
[SourceQuality "1"]

1. d4 g6 2. Nf3 Bg7 3. e4 c5 4. c3 d5 5. e5 cxd4 6. Bb5+ Bd7 7. Bxd7+ Qxd7 8. cxd4 Nh6 9. 0-0 Nc6 10. h3 Qc7 11. Re1 e6 12. Bg5 Qb6 13. Qd2 Nf5 14. Bf6 Bxf6 15. exf6 Nfxd4 16. Nxd4 Qxd4 17. Qxd4 Nxd4 0-1

[Event "Las Palmas Montalvo Memorial 6th"]
[Site "Las Palmas"]
[Date "2013.03.27"]
[Round "3"]
[White "Cobo Mazorra, Alejandro"]
[Black "Gonzalez Intelangelo, Gerardo"]
[Result "0-1"]
[WhiteElo "1685"]
[BlackElo "2022"]
[PlyCount "64"]
[EventDate "2013.03.25"]
[EventType "swiss"]
[EventRounds "9"]
[EventCountry "ESP"]
[SourceTitle "CBM 153 Extra"]
[Source "ChessBase"]
[SourceDate "2013.04.22"]
[SourceVersion "1"]
[SourceVersionDate "2013.04.22"]
[SourceQuality "1"]

1. Nf3 e6 2. g3 d5 3. Bg2 Nf6 4. 0-0 Be7 5. d3 b6 6. Nbd2 Bb7 7. c3 c5 8. Re1 Nc6 9. e4 Qc7 10. Nf1 dxe4 11. dxe4 Rd8 12. Qe2 0-0 13. e5 Nd7 14. Bf4 Rfe8 15. Ne3 Nf8 16. Ng4 Ng6 17. Bg5 h5 18. Nf6+ gxf6 19. Bxf6 Bxf6 20. exf6 Rd5 21. h4 Qd8 22. Ng5 Re5 23. Qxh5 Rxe1+ 24. Rxe1 Qxf6 25. Qh7+ Kf8 26. Qh6+ Qg7 27. Qh5 Nd8 28. Bf1 Ke7 29. Rd1 Qf6 30. Bb5 Bc6 31. Bd3 Rh8 32. Nh7 Rxh7 0-1

[Event "Gran Canaria Cabildo op"]
[Site "Gran Canaria"]
[Date "2013.01.21"]
[Round "4"]
[White "Alonso Valiente, Alexis"]
[Black "Cobo Mazorra, Alejandro"]
[Result "0-1"]
[WhiteElo "2090"]
[BlackElo "1665"]
[PlyCount "118"]
[EventDate "2013.01.10"]
[EventType "swiss"]
[EventRounds "7"]
[EventCountry "ESP"]
[SourceTitle "CBM 152 Extra"]
[Source "ChessBase"]
[SourceDate "2013.02.25"]
[SourceVersion "1"]
[SourceVersionDate "2013.02.25"]
[SourceQuality "1"]

1. d4 g6 2. Nf3 Bg7 3. g3 c5 4. Bg2 cxd4 5. Nxd4 Nc6 6. c3 Nf6 7. 0-0 0-0 8. e4 Qb6 9. Na3 d6 10. Nc4 Qc5 11. Ne3 Qb6 12. a4 Bd7 13. Nb5 Qd8 14. h3 Qc8 15. Kh2 a6 16. Nd4 Rb8 17. g4 Nxd4 18. cxd4 b5 19. g5 Nh5 20. Nd5 Qd8 21. a5 e5 22. dxe5 dxe5 23. Be3 Bc6 24. Qd2 Bxd5 25. exd5 Qd6 26. Rac1 Rbc8 27. Rc6 Rxc6 28. dxc6 Qxd2 29. Bxd2 Nf4 30. Bf3 Ne6 31. Bg4 Rc8 32. Rc1 e4 33. Bxe6 fxe6 34. Bf4 e5 35. Be3 Kf7 36. c7 Bf8 37. Rc6 Bb4 38. Bb6 Ke7 39. f3 exf3 40. Kg3 Bd6 41. Kxf3 Kd7 42. Rc2 Bxc7 43. Rd2+ Ke6 44. Rc2 Kd7 45. Rd2+ Bd6 46. Ke4 Ke6 47. b3 Rc3 48. Rf2 Be7 49. h4 Rxb3 50. Rc2 Rb4+ 51. Ke3 Rxh4 52. Rc6+ Kd5 53. Rc7 Rh3+ 54. Ke2 Bxg5 55. Ra7 b4 56. Rxa6 b3 57. Bc7 Be3 58. Rd6+ Ke4 59. Rc6 Rh2+ 0-1